[Event "Rhein Main op-A 22nd"]
[Site "Bad Homburg"]
[Date "2019.06.22"]
[Round "6"]
[White "Winand, Edgar"]
[Black "Schmidt, Volker2222"]
[Result "1/2-1/2"]
[WhiteElo "1812"]
[BlackElo "2109"]
[PlyCount "57"]
[EventDate "2019.06.19"]
[EventType "swiss"]
[EventRounds "9"]
[EventCountry "GER"]
[SourceTitle "EXT 2020"]
[Source "ChessBase"]
[SourceDate "2019.10.17"]
[SourceVersion "1"]
[SourceVersionDate "2019.10.17"]
[SourceQuality "1"]

1. Nf3 f5 2. d4 Nf6 3. e3 g6 4. Nbd2 Bg7 5. Bd3 d6 6. b3 Nc6 7. Bb2 e6 8. a3 Qe7 9. c4 e5 10. dxe5 dxe5 11. e4 Bd7 12. Qc2 f4 13. c5 Ng4 14. h3 Nh6 15. b4 a6 16. Nc4 Nf7 17. Bc3 Ng5 18. Nxg5 Qxg5 19. Qb2 0-0 20. Kf1 Rad8 21. Nd2 Be6 22. Nf3 Qe7 23. Rd1 Bf7 24. Kg1 g5 25. Kh2 Bh5 26. Bc4+ Kh8 27. Bd5 g4 28. hxg4 Bxg4 29. Rd3 1/2-1/2

[Event "Hofheim Spring op-B 6th"]
[Site "Hofheim"]
[Date "2018.04.06"]
[Round "6"]
[White "Varsha, Ramesh"]
[Black "Winand, Edgar"]
[Result "1/2-1/2"]
[WhiteElo "1334"]
[BlackElo "1828"]
[PlyCount "110"]
[EventDate "2018.04.03"]
[EventType "swiss"]
[EventRounds "9"]
[EventCountry "GER"]
[SourceTitle "EXT 2020"]
[Source "ChessBase"]
[SourceDate "2019.10.17"]
[SourceVersion "1"]
[SourceVersionDate "2019.10.17"]
[SourceQuality "1"]

1. e4 d6 2. d4 g6 3. Nf3 Bg7 4. Be2 Nf6 5. Nc3 0-0 6. 0-0 b6 7. Re1 Bb7 8. Bf1 h6 9. h3 e6 10. g3 a6 11. Bg2 c5 12. dxc5 dxc5 13. Nd2 Nc6 14. Nc4 Nd4 15. Be3 b5 16. Nd2 Ra7 17. Ne2 Nd7 18. c3 Nxe2+ 19. Qxe2 Ra8 20. Nb3 Qc7 21. Rad1 c4 22. Nd4 Nc5 23. Nc2 Nd3 24. Rxd3 cxd3 25. Qxd3 Rfd8 26. Qe2 Rd7 27. Rd1 Rad8 28. Rxd7 Qxd7 29. Nd4 e5 30. Nb3 Qd1+ 31. Qxd1 Rxd1+ 32. Kh2 Kh7 33. Na5 Ba8 34. c4 bxc4 35. Nxc4 Bc6 36. Bf3 Ra1 37. a3 Bb5 38. Nd6 Kg8 39. Nxb5 axb5 40. Bd2 Ra2 41. Bc3 Bf8 42. Bxe5 Bxa3 43. bxa3 Rxf2+ 44. Bg2 Rd2 45. Bf4 Rd3 46. Bf1 Rxa3 47. Bxb5 Ra2+ 48. Kg1 Kg7 49. Be3 f6 50. Bf2 Rc2 51. Kg2 Rb2 52. Bc6 Rc2 53. Bd5 Rd2 54. Bc4 Rc2 55. Bd5 Rd2 1/2-1/2

[Event "Hofheim Spring op-B 6th"]
[Site "Hofheim"]
[Date "2018.04.05"]
[Round "4"]
[White "Hipler, Andreas"]
[Black "Winand, Edgar"]
[Result "1/2-1/2"]
[WhiteElo "1885"]
[BlackElo "1828"]
[PlyCount "120"]
[EventDate "2018.04.03"]
[EventType "swiss"]
[EventRounds "9"]
[EventCountry "GER"]
[SourceTitle "EXT 2020"]
[Source "ChessBase"]
[SourceDate "2019.10.17"]
[SourceVersion "1"]
[SourceVersionDate "2019.10.17"]
[SourceQuality "1"]

1. d4 d6 2. e4 g6 3. Nc3 Bg7 4. Be3 a6 5. Qd2 b5 6. a3 Bb7 7. f4 Nf6 8. Bd3 Ng4 9. Nf3 Nxe3 10. Qxe3 0-0 11. 0-0 e6 12. e5 Qe7 13. Ne4 Bxe4 14. Bxe4 d5 15. Bd3 Nd7 16. c3 c5 17. Rac1 c4 18. Bc2 a5 19. Qd2 Nb6 20. Ra1 Rfb8 21. Rfb1 Bf8 22. Qc1 Qd7 23. Kf2 b4 24. axb4 axb4 25. Rxa8 Rxa8 26. Ra1 b3 27. Bd1 Qb7 28. g4 Rxa1 29. Qxa1 Qa8 30. Qxa8 Nxa8 31. Ke2 Nb6 32. Kd2 Be7 33. g5 h5 34. h4 Kf8 35. Be2 Ke8 36. Bd1 Kd7 37. Be2 Kc6 38. Kc1 Kb5 39. Nd2 Bf8 40. Nxb3 Nc8 41. Nd2 Ka4 42. Bd1+ Kb5 43. Kc2 Ne7 44. Nf3 Nf5 45. Kd2 Ne7 46. Kc2 Nf5 47. Kd2 Be7 48. Bc2 Ng7 49. Kc1 Ne8 50. Kb1 Bd8 51. Ka2 Ba5 52. Ka3 Nc7 53. Ba4+ Ka6 54. Ne1 Nb5+ 55. Bxb5+ Kxb5 56. Nc2 Bd8 57. b3 cxb3 58. Kxb3 Ba5 59. Ne1 Bd8 60. Nd3 Be7 1/2-1/2

[Event "Rhein Main op-A 20th"]
[Site "Bad Homburg"]
[Date "2017.06.15"]
[Round "3"]
[White "Winand, Edgar"]
[Black "Bub, Volker"]
[Result "0-1"]
[WhiteElo "1894"]
[BlackElo "2097"]
[PlyCount "84"]
[EventDate "2017.06.14"]
[EventType "swiss"]
[EventRounds "7"]
[EventCountry "GER"]
[SourceTitle "EXT 2018"]
[Source "ChessBase"]
[SourceDate "2017.10.13"]
[SourceVersion "1"]
[SourceVersionDate "2017.10.13"]
[SourceQuality "1"]

1. g4 e5 2. d3 Bc5 3. Bg2 h5 4. g5 Ne7 5. e4 c6 6. Nc3 d6 7. Nf3 Nd7 8. Na4 Qa5+ 9. c3 Bxf2+ 10. Kxf2 b5 11. b4 Qxa4 12. Qxa4 bxa4 13. d4 Ba6 14. Be3 Ng6 15. Nd2 Nb6 16. Bf3 Nc4 17. Nxc4 Bxc4 18. Bd1 Bd3 19. Kf3 Nh4+ 20. Kg3 Bxe4 21. Kxh4 Bxh1 22. Bxa4 Be4 23. Re1 f5 24. gxf6 gxf6 25. dxe5 dxe5 26. Bc5 f5 27. Bd6 0-0-0 28. Bxe5 Rhe8 29. Bf4 Rd3 30. Rg1 Rf3 31. Bd6 Rxc3 32. Rg7 a6 33. Rc7+ Kd8 34. Ra7 Re6 35. Bg3 Rg6 36. Kxh5 f4 37. Bh4+ Kc8 38. Re7 Bd3 39. Bb3 Rg2 40. Be6+ Kb8 41. Re8+ Ka7 42. a4 Bg6+ 0-1

[Event "GER-chA Seniors 28th"]
[Site "Niederhausen"]
[Date "2016.08.21"]
[Round "9"]
[White "Winand, Edgar"]
[Black "Hallmann, Eberhard"]
[Result "1-0"]
[WhiteElo "1895"]
[BlackElo "1857"]
[PlyCount "96"]
[EventDate "2016.08.13"]
[EventType "swiss"]
[EventRounds "9"]
[EventCountry "GER"]
[SourceTitle "EXT 2019"]
[Source "ChessBase"]
[SourceDate "2018.10.10"]
[SourceVersion "1"]
[SourceVersionDate "2018.10.10"]
[SourceQuality "1"]

1. Nf3 b6 2. d4 Bb7 3. e3 d5 4. Bd3 Nf6 5. b3 g6 6. Bb2 Bg7 7. Nbd2 Nbd7 8. 0-0 0-0 9. Qe2 e6 10. Rac1 c5 11. Rfd1 Ne4 12. Ne1 Rc8 13. Nxe4 dxe4 14. Bb5 cxd4 15. Bxd4 Bc6 16. Bxg7 Kxg7 17. Bxc6 Rxc6 18. Qd2 Rc7 19. Qd4+ Kg8 20. Qxe4 Qc8 21. c4 Nc5 22. Qc2 Rd8 23. Rd4 Rcd7 24. Rcd1 Qc6 25. Rxd7 Rxd7 26. Rd4 e5 27. Rd2 e4 28. Rd4 f5 29. Qd1 Kf7 30. Kf1 g5 31. Ke2 Qc7 32. g3 Ke7 33. Rd5 Ke6 34. Qd4 Kf7 35. Qh8 Ke6 36. Qg8+ Rf7 37. Nc2 Kf6 38. Qh8+ Kg6 39. Nd4 Kh6 40. Nb5 Qe7 41. Qb8 Qf6 42. Nd4 Rd7 43. Rxd7 Nxd7 44. Qc7 Qf7 45. Qd6+ Kh5 46. Ne6 Kh6 47. h3 Kh5 48. a3 h6 1-0

[Event "Frankfurt-chA"]
[Site "Frankfurt"]
[Date "2016.06.13"]
[Round "7"]
[White "Winand, Edgar"]
[Black "Rutsatz, Mario"]
[Result "0-1"]
[WhiteElo "1828"]
[BlackElo "1900"]
[PlyCount "110"]
[EventDate "2016.04.25"]
[EventType "swiss"]
[EventRounds "9"]
[EventCountry "GER"]
[SourceTitle "EXT 2018"]
[Source "ChessBase"]
[SourceDate "2017.10.13"]
[SourceVersion "1"]
[SourceVersionDate "2017.10.13"]
[SourceQuality "1"]

1. Nf3 d6 2. g3 g6 3. Bg2 Bg7 4. 0-0 Nf6 5. d3 c5 6. e4 Nc6 7. h3 0-0 8. c3 Rb8 9. Be3 b5 10. Nbd2 b4 11. Qc2 Bd7 12. Nc4 Ne8 13. Nfd2 Nc7 14. a4 Qc8 15. Kh2 Qa6 16. f4 f5 17. Bf3 Na5 18. Nxa5 Qxa5 19. d4 bxc3 20. bxc3 cxd4 21. cxd4 Ne6 22. e5 Rfc8 23. Nc4 Qa6 24. Bd5 Kh8 25. Rfb1 Rxb1 26. Rxb1 Nd8 27. Qa2 Bf8 28. Rc1 e6 29. Bg2 d5 30. Nd6 Rxc1 31. Bxc1 Qxa4 32. Qb2 Be7 33. Qb8 Kg7 34. Qc7 Qc6 35. Ne8+ Kf8 36. Qxc6 Nxc6 37. Nc7 Nxd4 38. Bb2 Nb5 39. Na6 Ke8 40. Bf1 Kd8 41. Bc1 Kc8 42. Bd2 Kb7 43. Nb4 a5 44. Na2 Kb6 45. Kg2 Bc5 46. Bd3 Na3 47. Kf1 Bb5 48. Nc1 Nc4 49. Bc3 a4 50. Ke2 Na5 51. Na2 Nc6 52. Kd2 Bxd3 53. Kxd3 Kb5 54. Nc1 a3 55. Kc2 Kc4 0-1

[Event "Frankfurt-chA"]
[Site "Frankfurt"]
[Date "2016.06.06"]
[Round "6"]
[White "Benninger, Rudolf"]
[Black "Winand, Edgar"]
[Result "1-0"]
[WhiteElo "1970"]
[BlackElo "1828"]
[PlyCount "43"]
[EventDate "2016.04.25"]
[EventType "swiss"]
[EventRounds "9"]
[EventCountry "GER"]
[SourceTitle "EXT 2018"]
[Source "ChessBase"]
[SourceDate "2017.10.13"]
[SourceVersion "1"]
[SourceVersionDate "2017.10.13"]
[SourceQuality "1"]

1. e4 d6 2. d4 g6 3. Nc3 Bg7 4. f4 b6 5. Nf3 Bb7 6. Bd3 c5 7. d5 Nd7 8. 0-0 Ngf6 9. Qe1 0-0 10. Qh4 e6 11. dxe6 fxe6 12. Ng5 Re8 13. f5 Nf8 14. fxe6 Qe7 15. Bc4 h6 16. Nf7 Nxe4 17. Nxh6+ Kh7 18. Qh3 Bd4+ 19. Kh1 Ng5 20. Bxg5 Qxg5 21. Rf7+ Bg7 22. Nf5+ 1-0

[Event "Hessen-ch op-A"]
[Site "Floersheim"]
[Date "2016.05.07"]
[Round "5"]
[White "Lukas, Anne"]
[Black "Winand, Edgar"]
[Result "1/2-1/2"]
[WhiteElo "1833"]
[BlackElo "1907"]
[PlyCount "98"]
[EventDate "2016.05.05"]
[EventType "swiss"]
[EventRounds "7"]
[EventCountry "GER"]
[SourceTitle "EXT 2022"]
[Source "ChessBase"]
[SourceDate "2021.10.06"]
[SourceVersion "1"]
[SourceVersionDate "2021.10.06"]
[SourceQuality "1"]

1. d4 d6 2. e4 g6 3. Nc3 Bg7 4. Be2 Nc6 5. Nf3 Bd7 6. Be3 a6 7. Qd2 b5 8. a3 Rb8 9. h4 h5 10. Nd5 e6 11. Nb4 Nxb4 12. axb4 Qc8 13. e5 Qb7 14. Bg5 Bc6 15. Qf4 Bxf3 16. Bxf3 d5 17. g4 Qc6 18. c3 Rb6 19. gxh5 gxh5 20. Rg1 Qd7 21. Bf6 Bxf6 22. exf6 Qd8 23. Bxh5 Nxf6 24. Bf3 Ke7 25. Rg7 Qd6 26. Qg5 Rbb8 27. Qg3 Ne8 28. Rg5 Ra8 29. Rh5 Rxh5 30. Bxh5 Nf6 31. Bf3 Qb6 32. Qf4 Qd6 33. Qg3 Qc6 34. h5 Rg8 35. Qh2 Nh7 36. Kd2 f6 37. Rxa6 Qxa6 38. Qxc7+ Ke8 39. h6 Rg5 40. Qxh7 Qd6 41. Bh5+ Kd8 42. Qh8+ Kc7 43. Qxf6 Rf5 44. Qg7+ Kb6 45. h7 Qf4+ 46. Kd1 Rxh5 47. h8Q Qf3+ 48. Kc2 Qxf2+ 49. Kb3 Rxh8 1/2-1/2

[Event "Hessen-ch op-A"]
[Site "Floersheim"]
[Date "2016.05.05"]
[Round "2"]
[White "Winand, Edgar"]
[Black "Sulic, Kresimir"]
[Result "0-1"]
[WhiteElo "1907"]
[BlackElo "2087"]
[PlyCount "86"]
[EventDate "2016.05.05"]
[EventType "swiss"]
[EventRounds "7"]
[EventCountry "GER"]
[SourceTitle "EXT 2022"]
[Source "ChessBase"]
[SourceDate "2021.10.06"]
[SourceVersion "1"]
[SourceVersionDate "2021.10.06"]
[SourceQuality "1"]

1. g4 e5 2. d3 Be7 3. e4 d6 4. h3 Nd7 5. Ne2 Nf8 6. Ng3 g6 7. Nc3 c6 8. Nce2 Ne6 9. Bg2 Bg5 10. c3 Nf4 11. Nxf4 exf4 12. Ne2 Qf6 13. Ng1 h5 14. f3 Bh4+ 15. Kf1 Ne7 16. Ne2 g5 17. Qc2 hxg4 18. hxg4 Bd7 19. Nd4 0-0-0 20. Bd2 c5 21. Nf5 Bxf5 22. gxf5 d5 23. Ke2 Qd6 24. Rad1 Kb8 25. Bh3 Rhe8 26. Bg4 Nc6 27. b3 dxe4 28. dxe4 c4 29. Bc1 Qc7 30. Rxd8+ Rxd8 31. Rd1 cxb3 32. Rxd8+ Qxd8 33. axb3 Qb6 34. Kf1 f6 35. Kg2 a5 36. Bh5 Qc5 37. Qd2 Ka7 38. Be8 Ne5 39. Qd4 Qb6 40. Ba3 Ka6 41. Qxb6+ Kxb6 42. Be7 g4 43. fxg4 f3+ 0-1

[Event "Heusenstamm Sparkassen op-A 2nd"]
[Site "Heusenstamm"]
[Date "2015.11.27"]
[Round "2"]
[White "Lasschuit, Rene"]
[Black "Winand, Edgar"]
[Result "1-0"]
[WhiteElo "1726"]
[BlackElo "1922"]
[PlyCount "125"]
[EventDate "2015.11.26"]
[EventType "swiss"]
[EventRounds "7"]
[EventCountry "GER"]
[SourceTitle "EXT 2018"]
[Source "ChessBase"]
[SourceDate "2017.10.13"]
[SourceVersion "1"]
[SourceVersionDate "2017.10.13"]
[SourceQuality "1"]

1. d4 d6 2. Nf3 g6 3. Bf4 Bg7 4. e3 Nf6 5. Bd3 0-0 6. 0-0 Nh5 7. Bg5 f5 8. c4 Qe8 9. Nc3 c6 10. Be2 Nd7 11. e4 fxe4 12. Nxe4 Nf4 13. Re1 h6 14. Bh4 g5 15. Bg3 Qg6 16. Bd3 Nxd3 17. Qxd3 Rf7 18. Rad1 Nf8 19. Qb3 Bf5 20. Qxb7 Rc8 21. Nc3 e5 22. Qa6 Re8 23. Qxc6 Rc8 24. Qa6 Rfc7 25. Nd5 Rf7 26. dxe5 dxe5 27. Qxg6 Nxg6 28. Nxe5 Nxe5 29. Bxe5 Bc2 30. Rc1 Bd3 31. b3 Rc5 32. Bxg7 Kxg7 33. Re3 Bg6 34. Rce1 a5 35. Re7 Bc2 36. Rxf7+ Kxf7 37. Re7+ Kf8 38. Re6 Kg7 39. Re7+ Kg8 40. Re1 a4 41. Nb6 Ra5 42. Nxa4 Kf7 43. h3 Bd3 44. Rd1 Bxc4 45. bxc4 Rxa4 46. Rc1 Rxa2 47. c5 Ra7 48. c6 Rc7 49. Kh2 Ke6 50. Kg3 Kf5 51. Kf3 Ke5 52. g3 Kf5 53. Rc5+ Ke6 54. Ke4 Kf6 55. Kd5 Ke7 56. Rb5 Rc8 57. Rb7+ Kf6 58. Kd6 Re8 59. c7 Re1 60. c8Q Rd1+ 61. Kc7 Rc1+ 62. Kb8 Rxc8+ 63. Kxc8 1-0

[Event "Frankfurt-chA"]
[Site "Frankfurt"]
[Date "2015.06.01"]
[Round "5"]
[White "Winand, Edgar"]
[Black "Neubauer, Robert"]
[Result "1-0"]
[WhiteElo "1867"]
[BlackElo "1670"]
[PlyCount "37"]
[EventDate "2015.04.27"]
[EventType "swiss"]
[EventRounds "7"]
[EventCountry "GER"]
[SourceTitle "EXT 2016"]
[Source "ChessBase"]
[SourceDate "2015.10.08"]
[SourceVersion "1"]
[SourceVersionDate "2015.10.08"]
[SourceQuality "1"]

1. g4 d5 2. Bg2 Bxg4 3. c4 e6 4. Qb3 Nc6 5. cxd5 exd5 6. Nc3 Nf6 7. Nxd5 Nxd5 8. Bxd5 Na5 9. Bxf7+ Ke7 10. Qb4+ Kxf7 11. Qxg4 Qd5 12. Nf3 Bd6 13. Rg1 g6 14. Qd7+ Kf6 15. b3 Rad8 16. Bb2+ Be5 17. Bxe5+ Qxe5 18. Nxe5 Rxd7 19. Nxd7+ 1-0

[Event "Wiesbaden op 24th"]
[Site "Wiesbaden"]
[Date "2012.08.26"]
[Round "7"]
[White "Winand, Edgar"]
[Black "Kirmeir, Andreas"]
[Result "1-0"]
[WhiteElo "1927"]
[BlackElo "1801"]
[PlyCount "197"]
[EventDate "2012.08.23"]
[EventType "swiss"]
[EventRounds "7"]
[EventCountry "GER"]
[SourceTitle "CBM 150 Extra"]
[Source "ChessBase"]
[SourceDate "2012.10.19"]
[SourceVersion "1"]
[SourceVersionDate "2012.10.19"]
[SourceQuality "1"]

1. Nf3 b6 2. d4 Bb7 3. e3 d6 4. Nbd2 Nd7 5. b3 g6 6. Bb2 Bg7 7. Be2 e6 8. 0-0 Ne7 9. Rb1 h6 10. Re1 g5 11. Rf1 Ng6 12. Bd3 Qe7 13. c4 h5 14. Bxg6 fxg6 15. Qc2 Nf8 16. Rbc1 g4 17. Ne1 h4 18. c5 bxc5 19. dxc5 Bxb2 20. Qxb2 Rh7 21. Qd4 h3 22. g3 dxc5 23. Qxg4 Qd7 24. Nc4 Qd5 25. f3 Rd8 26. Rf2 Qf5 27. Qxf5 exf5 28. Na5 Ba6 29. Rfc2 Ne6 30. Nc6 Rd6 31. Ne5 Rg7 32. Nc4 Bxc4 33. bxc4 Rgd7 34. Re2 g5 35. Kf2 Kf7 36. Rcc2 f4 37. Rb2 fxe3+ 38. Rxe3 Kf6 39. Rbe2 Nd4 40. Rd2 Nf5 41. Red3 Nd4 42. Rb2 Rb6 43. Rbd2 Rbd6 44. Ra3 Kf5 45. Rxa7 Ne6 46. Re2 Rd2 47. Nc2 Rxe2+ 48. Kxe2 Nd4+ 49. Nxd4+ Rxd4 50. Rxc7 Rxc4 51. Kd3 Rc1 52. Rh7 g4 53. Rh5+ Kg6 54. fxg4 Ra1 55. Kc4 Rxa2 56. Rxh3 Rc2+ 57. Kd3 Rc1 58. Rh5 c4+ 59. Kd2 Ra1 60. Kc2 Re1 61. Kc3 Re4 62. Rc5 Re2 63. h4 Re3+ 64. Kxc4 Rxg3 65. Rg5+ Kf6 66. Rf5+ Kg6 67. h5+ Kh6 68. Rf4 Ra3 69. Rf6+ Kg7 70. Rg6+ Kh7 71. Kd4 Ra4+ 72. Ke5 Ra5+ 73. Kf4 Ra4+ 74. Kg5 Ra5+ 75. Kh4 Rb5 76. Rf6 Kg7 77. Rf5 Rb4 78. Kg5 Rb6 79. Rc5 Rb8 80. Rc7+ Kg8 81. Rc6 Re8 82. Kg6 Rf8 83. g5 Kh8 84. Kh6 Rd8 85. g6 Kg8 86. Rf6 Rd7 87. Kg5 Kg7 88. h6+ Kg8 89. Re6 Rd5+ 90. Kf6 Rd8 91. Rc6 Kh8 92. Ke7 Ra8 93. Rd6 Rf8 94. Rd8 Rxd8 95. Kxd8 Kg8 96. Ke7 Kh8 97. Kf6 Kg8 98. g7 Kh7 99. Kf7 1-0

[Event "Karl Mala Memorial op 15th"]
[Site "Frankfurt"]
[Date "2012.07.06"]
[Round "3"]
[White "Winand, Edgar"]
[Black "Junker, Christian"]
[Result "0-1"]
[WhiteElo "1928"]
[BlackElo "1965"]
[PlyCount "156"]
[EventDate "2012.07.05"]
[EventType "swiss"]
[EventRounds "7"]
[EventCountry "GER"]
[SourceTitle "CBM 149 Extra"]
[Source "ChessBase"]
[SourceDate "2012.08.24"]
[SourceVersion "1"]
[SourceVersionDate "2012.08.24"]
[SourceQuality "1"]

1. g4 d5 2. Bg2 Bxg4 3. c4 c6 4. cxd5 Nf6 5. Nc3 cxd5 6. Qb3 Nc6 7. Qxb7 Rc8 8. h3 Bf5 9. d3 e5 10. Bg5 Bb4 11. a3 Bxc3+ 12. bxc3 0-0 13. Qb4 Be6 14. Nf3 h6 15. Bh4 Qe7 16. Nd2 Rfd8 17. 0-0 g5 18. Bg3 Qd7 19. Kh2 Qc7 20. e3 Nh5 21. c4 Rb8 22. Qc5 Nxg3 23. fxg3 Qd7 24. Ra2 Ne7 25. cxd5 Nxd5 26. Ne4 Kg7 27. Qc1 Nxe3 28. Qxe3 Bxa2 29. Qf2 f5 30. Qxa2 fxe4 31. Bxe4 Rf8 32. Rc1 Rb6 33. g4 Rfb8 34. Qc4 Rb2+ 35. Kg3 R2b6 36. Qc5 Rb5 37. Qc4 Qe7 38. Qc7 Re8 39. Rc6 Rb6 40. Rc5 Re6 41. Qa5 Qf6 42. Bf5 Rd6 43. Qxa7+ Re7 44. Rc7 Rxc7 45. Qxc7+ Kf8 46. Qc5 Qe7 47. Qb5 Qc7 48. Qb4 Kg7 49. a4 Rd4 50. Qb3 e4+ 51. Kg2 Rxd3 52. Qb2+ Kf7 53. Qa2+ Kf8 54. Qf2 Rf3 55. Qe1 Qc2+ 56. Kg1 Qc5+ 57. Kg2 Qc2+ 58. Kg1 Qb3 59. Bxe4 Re3 60. Qf2+ Ke7 61. Qc2 Qxc2 62. Bxc2 Rxh3 63. Kf1 Kd6 64. Ke2 Kc5 65. Bd3 Kd4 66. Bf5 Rh2+ 67. Kf3 Ra2 68. Bd7 Ra3+ 69. Ke2 Rc3 70. Bb5 Rb3 71. Bd7 Rb7 72. Bb5 Re7+ 73. Kf3 Rf7+ 74. Ke2 Kc5 75. Ke3 Rf4 76. Bd7 Rd4 77. Bf5 Rxa4 78. Bc8 Kd5 0-1

[Event "Karl Mala Memorial op 15th"]
[Site "Frankfurt"]
[Date "2012.07.05"]
[Round "1"]
[White "Winand, Edgar"]
[Black "Mueller, Tobias"]
[Result "1-0"]
[WhiteElo "1928"]
[BlackElo "1079"]
[PlyCount "67"]
[EventDate "2012.07.05"]
[EventType "swiss"]
[EventRounds "7"]
[EventCountry "GER"]
[SourceTitle "CBM 149 Extra"]
[Source "ChessBase"]
[SourceDate "2012.08.24"]
[SourceVersion "1"]
[SourceVersionDate "2012.08.24"]
[SourceQuality "1"]

1. Nf3 Nc6 2. d4 d5 3. e3 Nf6 4. b3 Bf5 5. Bb2 e6 6. a3 g6 7. Be2 Bg7 8. 0-0 0-0 9. Nh4 Kh8 10. Nxf5 gxf5 11. c4 Ne7 12. f3 Rg8 13. Bd3 Qe8 14. Qe2 Rd8 15. Nd2 Bh6 16. Rad1 c6 17. Kh1 Rg7 18. Rg1 Qg8 19. Nf1 Rg6 20. h3 Rd7 21. g4 Bg5 22. Nh2 Rh6 23. gxf5 Rxh3 24. fxe6 fxe6 25. f4 h6 26. fxg5 hxg5 27. Qf1 Rh6 28. Rd2 g4 29. Qf4 Qg7 30. Rgg2 Rh3 31. Kg1 g3 32. Nf3 Nh5 33. Qe5 Ng8 34. Qxe6 1-0